00769nam a2200241 a 4500001001300000003000900013005001700022008004100039020001000080082001600090100002500106245005300131260004800184300000800232500003500240505005800275650002200333700002500355902000800380942000700388952011700395999001500512nice12345678IN_TiNIC20260116012655.0050524s1970 dela grp 000 0 eng  ac10000a297.63bMAU aMaududi, S Abul A`La aBirth of the Prophet and the Leader of the World aDelhibMarkazi Maktaba Jamat-E-Islamic1970 a16p aincludes index and biblioraphy2 apresented to Hakee Abdul Hameed on his 75th Birthday. aMuhammad, Prophet1 aMaududi, S Abul A`La bSRS cBK 001040708StackRoom-aHMIbHMId2007-07-10g100.00l0o297.63 MAUp010614r2007-07-10v100.00w2005-05-24yBK c7896d7896